MSP na Slovensku diplomová práca

Guardado en:
Detalles Bibliográficos
Autor principal: Glovová, Mária
Autor Corporativo: Obchodná fakulta EU. Katedra služieb a cestovného ruchu - zrušené
Otros Autores: Krošláková, Monika, 1975-
Formato: Libro
Lenguaje:eslovaco
Publicado: Bratislava 2012
Etiquetas: Agregar Etiqueta
Sin Etiquetas, Sea el primero en etiquetar este registro!

MARC

LEADER 00000nbm a2200000 4500
001 0158921
005 20161109102216.8
041 0 |a slo 
044 |a SK 
245 1 0 |a MSP na Slovensku  |b diplomová práca  |c Mária Glovová ; školiteľ: Monika Krošláková 
264 1 |a Bratislava  |c 2012 
300 |a 73 s. 
100 1 |a Glovová, Mária 
700 1 |a Krošláková, Monika, 1975- 
710 2 |a Obchodná fakulta EU. Katedra služieb a cestovného ruchu - zrušené